Оценка генотоксичности лигнинных веществ как факторов риска для водных экосистем; Экология; № 4

Opis bibliograficzny
Parent link:Экология/ Российская академия наук (РАН), Уральское отделение (УрО).— , 1996-.— 0367-0597
№ 4.— 2004.— С. 279-283
1. autor: Яковлева Ю. Н.
Kolejni autorzy: Островская Р. М., Новикова Л. Н.
Język:rosyjski
Wydane: 2004
Hasła przedmiotowe:
Format: Rozdział
KOHA link:https://koha.lib.tpu.ru/cgi-bin/koha/opac-detail.pl?biblionumber=458456

MARC

LEADER 00000naa2a2200000 4500
001 458456
005 20231101085010.0
035 |a (RuTPU)RU\TPU\prd\122143 
035 |a RU\TPU\prd\39916 
090 |a 458456 
100 |a 20111012a2004 k y0rusy50 ca 
101 0 |a rus 
102 |a RU 
200 1 |a Оценка генотоксичности лигнинных веществ как факторов риска для водных экосистем  |f Ю. Н. Яковлева, Р. М. Островская, Л. Н. Новикова 
320 |a Библиогр.: 11 назв. 
461 0 |0 (RuTPU)RU\TPU\prd\469  |x 0367-0597  |t Экология  |f Российская академия наук (РАН), Уральское отделение (УрО)  |d 1996- 
463 0 |0 (RuTPU)RU\TPU\prd\122136  |t № 4  |v С. 279-283  |d 2004 
610 1 |a лигнинные вещества 
610 1 |a генотоксичность 
610 1 |a фитотоксичность 
610 1 |a хромосомные аберации 
610 1 |a молюски 
610 1 |a кукуруза 
675 |a 547.632:547.992.3  |v 3 
700 1 |a Яковлева  |b Ю. Н. 
701 1 |a Островская  |b Р. М. 
701 1 |a Новикова  |b Л. Н. 
801 1 |a RU  |b 63413507  |c 20051128  |g PSBO 
801 2 |a RU  |b 63413507  |c 20111012  |g PSBO 
942 |c BK